Normal view
MARC view
Entry Personal Name
001 - CONTROL NUMBER
- control field: 11537
003 - CONTROL NUMBER IDENTIFIER
- control field: dpl
005 - DATE AND TIME OF LATEST TRANSACTION
- control field: 20100812114254.0
008 - FIXED-LENGTH DATA ELEMENTS
- fixed length control field: 100812|||a|||||| | ||| d
040 ## - CATALOGING SOURCE
- Original cataloging agency: dpl
- Transcribing agency: dpl
100 ## - HEADING--PERSONAL NAME
- Personal name: Sahay, Vijoy S.
670 ## - SOURCE DATA FOUND
- Source citation: Work cat.: (dpl): In the lagoons of the gangetic delta /, 2010
670 ## - SOURCE DATA FOUND
- Source citation: Work cat.: (dpl): In the lagoons of the gangetic delta /, 2010
